Welcome to CU Library Online Public Access Catalogue (OPAC)

State and local government : (Record no. 2524)

MARC details
000 -LEADER
fixed length control field 00690pam a2200217 a 4500
001 - CONTROL NUMBER
control field 1652887
005 - DATE AND TIME OF LATEST TRANSACTION
control field 20250114163221.0
008 - FIXED-LENGTH DATA ELEMENTS--GENERAL INFORMATION
fixed length control field 970416s1998 mauab b 001 0 eng
020 ## - INTERNATIONAL STANDARD BOOK NUMBER
International Standard Book Number 0070571929
050 00 - LIBRARY OF CONGRESS CALL NUMBER
Classification number JK2408
Item number .S17 1998
082 00 - DEWEY DECIMAL CLASSIFICATION NUMBER
Classification number 320.8/0973
Edition information 21
100 1# - MAIN ENTRY--PERSONAL NAME
Personal name Saffell, David C.,
Dates associated with a name 1941-
245 10 - TITLE STATEMENT
Title State and local government :
Remainder of title politics and public policies /
Statement of responsibility, etc. David C. Saffell, Harry Basehart.
250 ## - EDITION STATEMENT
Edition statement 6th ed.
260 ## - PUBLICATION, DISTRIBUTION, ETC.
Place of publication, distribution, etc. Boston, Mass. :
Name of publisher, distributor, etc. McGraw-Hill,
Date of publication, distribution, etc. c1998.
300 ## - PHYSICAL DESCRIPTION
Extent xii, 344 p. :
Other physical details ill., maps ;
Dimensions 24 cm.
650 #0 - SUBJECT ADDED ENTRY--TOPICAL TERM
Topical term or geographic name entry element State governments
Geographic subdivision United States.
650 #0 - SUBJECT ADDED ENTRY--TOPICAL TERM
Topical term or geographic name entry element Local government
Geographic subdivision United States.
700 1# - ADDED ENTRY--PERSONAL NAME
Personal name Basehart, Harry.
942 ## - ADDED ENTRY ELEMENTS (KOHA)
Source of classification or shelving scheme Library of Congress Classification
Koha item type Books
Suppress in OPAC No
999 ## -
-- 2524
-- 2524

No items available.

© 2023-2024 Copyright: Central University Libraries. All Rights Reserved | Created by: Mahone Tech Office